[Event "Tuimazy RB-ch Girls 98/99"]
[Site "Tuimazy"]
[Date "2015.08.18"]
[Round "1"]
[White "Kuleshova, Diana"]
[Black "Gabitova, Elza"]
[Result "1-0"]
[WhiteElo "1669"]
[BlackElo "1632"]
[PlyCount "67"]
[EventDate "2015.08.18"]
[EventType "tourn"]
[EventRounds "8"]
[EventCountry "RUS"]
[SourceTitle "EXT 2022"]
[Source "ChessBase"]
[SourceDate "2021.10.06"]
[SourceVersion "1"]
[SourceVersionDate "2021.10.06"]
[SourceQuality "1"]

1. d4 Nf6 2. Nf3 e6 3. Bf4 d6 4. h3 b6 5. e3 Bb7 6. Be2 Be7 7. 0-0 0-0 8. Nbd2 Nbd7 9. c3 c5 10. Rc1 Rc8 11. Qa4 Qc7 12. Ba6 Bxa6 13. Qxa6 Qc6 14. Rfd1 c4 15. b3 d5 16. Ne5 Nxe5 17. Bxe5 Nd7 18. Bg3 b5 19. Qa5 b4 20. bxc4 dxc4 21. cxb4 c3 22. Nb3 Qc4 23. Nc5 Bd8 24. Qxa7 Nxc5 25. bxc5 Qb4 26. a3 Qb2 27. Bd6 Re8 28. Qa4 Ba5 29. Qxa5 c2 30. Re1 Ra8 31. Qb4 Qa2 32. Ra1 Qd5 33. Rec1 Qe4 34. Qc3 1-0

[Event "Tuimazy RB-ch Girls 98/99"]
[Site "Tuimazy"]
[Date "2015.08.18"]
[Round "9"]
[White "Kuleshova, Diana"]
[Black "Gilmutdinova, Guzel"]
[Result "1-0"]
[WhiteElo "1669"]
[BlackElo "1700"]
[PlyCount "77"]
[EventDate "2015.08.18"]
[EventType "tourn"]
[EventRounds "8"]
[EventCountry "RUS"]
[SourceTitle "EXT 2022"]
[Source "ChessBase"]
[SourceDate "2021.10.06"]
[SourceVersion "1"]
[SourceVersionDate "2021.10.06"]
[SourceQuality "1"]

1. d4 d5 2. Nf3 e6 3. Bf4 Nf6 4. h3 h6 5. e3 Bd6 6. Bxd6 Qxd6 7. c3 Nbd7 8. Nbd2 c5 9. c4 b6 10. b3 Bb7 11. Be2 0-0 12. 0-0 Rac8 13. Rc1 Rfd8 14. cxd5 exd5 15. Rc2 Nb8 16. dxc5 bxc5 17. Qc1 Ba6 18. Bxa6 Nxa6 19. a3 Qe6 20. Rd1 Ne4 21. Qb2 Nxd2 22. Rcxd2 Nc7 23. Ne5 Ne8 24. Nd3 Nf6 25. Nf4 Qc6 26. Rd3 g5 27. Ne2 Rb8 28. Qc2 Qb6 29. Ng3 d4 30. exd4 Rxd4 31. Nf5 Rxd3 32. Rxd3 Ne4 33. Re3 Nd6 34. Nxh6+ Kg7 35. Nf5+ Nxf5 36. Qxf5 Qf6 37. Qxc5 Rd8 38. Rf3 Qd6 39. Qxg5+ 1-0